000 00615nam a22002297a 4500
003 UA-OsUOA
001 47794
007 ta
008 20070821b un ||||| |||| 00| 0 ukr d
100 _aТарасенко М.Ф.
090 _a1
_bТ19
942 _cBK
040 _aUA-OsUOA
_bukr
_cUA-OsUOA
_dUA-OsUOA
245 _aФілософські аспекти відношення людина-природа
300 _a115 с.
955 _a1
041 _aukr
080 _a1
260 _aК.
_bНаукова думка
_c1975
650 7 _a1 Філософські науки
_2UDC
999 _c333845
_d333845